000 00794nam a22002297a 4500
001 BD-DhSAU 4780
003 BD-DhSAU
005 20150226103912.0
008 150226b1989 bg |||| |||| 000 0 ben d
040 _aBD-DhSAU
082 _222
_a----
_b-----
110 _aএমদাদিয়া লাইব্রেরী
245 _aতফসীরে আশরাফী /
_cএমদাদিয়া লাইব্রেরী
260 _aঢাকা :
_bএমদাদিয়া লাইব্রেরী ,
_c১৯৮৯.
300 _a১২৯ পৃ. :
_c২৪ সে. মি.
440 _vপ্রথম ভলিউম
590 _atamanna
650 _aতফসীরে আশরাফী
650 _aইসলাম
650 _alslam
650 _areligion
942 _2ddc
_cBOOK
999 _c4780
_d4780